000 00836nam a2200229 u 4500
001 000036781
003 DO-SdBNP
005 20241206103827.0
008 100810s1983 xxu r 001 0 spa d
020 _a9210210573
040 _aDO-SdBNP
_bspa
_cBNPHU
041 1 7 _aspa
_beng
_2Código de idioma MARC
082 _axxxx
222 0 0 _aAnuario estadístico de América Latina y el Caribe 1983
245 0 0 _aAnuario estadístico de América Latina y el Caribe = Statistical yearbook for Latin America.
246 0 0 _aStatistical yearbook for Latin America
260 _aSantiago, Chile :
_bComisión Económica Para América Latina y el Caribe,
_c1983.
300 _a749 p. ;
_c26 cm.
546 _aEspañol e inglés
710 _aNaciones Unidas.
_bComisión Economica para América Latina y el Caribe
_93086
942 _2ddc
_cLBS1
999 _c36272
_d36272